[Event "Zalaegerszeg op"]
[Site "Zalaegerszeg"]
[Date "1992.??.??"]
[Round "?"]
[White "Michaelsen, Nils"]
[Black "Csiszar, Csaba"]
[Result "1-0"]
[WhiteElo "2405"]
[BlackElo "2235"]

1.d4 Nf6 2.c4 e6 3.Nc3 Bb4 4.Qc2 O-O 5.Bg5 c5 6.dxc5 Nc6 7.e3 h6 8.Bh4 Bxc5
9.Nf3 a6 10.Be2 Be7 11.O-O d6 12.Rfd1 Qc7 13.Rac1 Qb8 14.Nd4 Ne5 15.h3 Ng6
16.Bg3 Qc7 17.Qb1 b6 18.Bf3 Bb7 19.Nxe6 fxe6 20.Bxb7 Qxb7 21.Qxg6 Qc6 22.Rd4 b5
23.Rcd1 e5 24.cxb5 axb5 25.Nd5 Bd8 26.R4d2 Qc5 27.Rc2 Qa7 28.b3 Ne8 29.Qd3 Qa5
30.f3 Rb8 31.Be1 Qa7 32.Bf2 Kh8 33.Nb4 Qf7 34.Nc6 Ra8 35.Qxb5 Bg5 36.Qd5 Qh5
37.Qc4 Rc8 38.Qg4 Qg6 39.Rdc1 Nf6 40.Qe6  1-0

[Event "Zalakaros op rap"]
[Site "Zalakaros"]
[Date "1992.??.??"]
[Round "2"]
[White "Sjoberg, Mats"]
[Black "Farago, Ivan"]
[Result "0-1"]
[WhiteElo "2470"]
[BlackElo "2510"]

1.d4 e6 2.c4 Nf6 3.Nc3 Bb4 4.Qc2 O-O 5.a3 Bxc3+ 6.Qxc3 b6 7.Bg5 Bb7 8.f3 h6
9.Bh4 d5 10.e3 Nbd7 11.cxd5 Nxd5 12.Bxd8 Nxc3 13.Be7 Rfe8 14.Bh4 Nd5 15.Kf2 e5
16.e4 Nf4 17.Bg3 Nh5 18.Rc1 Nxg3 19.hxg3 c6 20.Ne2 Rad8 21.Rd1 Nc5 22.Ke1 exd4
23.Nxd4 Na4 24.b3 Nc3 25.Rd3 Nxe4  0-1

[Event "Zalakaros op"]
[Site "Zalakaros"]
[Date "1992.??.??"]
[Round "3"]
[White "Sjoberg, Mats"]
[Black "Porubszky Angyalosine, Maria A"]
[Result "1-0"]
[WhiteElo "2380"]
[BlackElo "2210"]

1.d4 Nf6 2.c4 e6 3.Nc3 Bb4 4.Qc2 O-O 5.a3 Bxc3+ 6.Qxc3 b6 7.Bg5 Bb7 8.f3 h6
9.Bh4 c5 10.O-O-O Qc7 11.e3 cxd4 12.Rxd4 e5 13.Rd2 Nh7 14.Be7 Nc6 15.Bd6 Qc8
16.Ne2 Re8 17.Ng3 a5 18.Nf5 Re6 19.h4 Nf6 20.c5 bxc5 21.Bc4 Re8 22.g4 Ba6
23.g5 Nh5 24.Rg1 Bxc4 25.Qxc4 Re6 26.g6 Qa6 27.Nxh6+ gxh6 28.gxf7+ Kxf7 29.Qg4 Ne7
30.Qxh5+ Kf8 31.Qf5+ Ke8 32.Rg8+  1-0

[Event "Altensteig-B"]
[Site "Altensteig"]
[Date "1993.??.??"]
[Round "1"]
[White "Touzane, Olivier"]
[Black "Panzalovic, Srdjan"]
[Result "1-0"]
[WhiteElo "2330"]
[BlackElo "2390"]

1.d4 Nf6 2.c4 e6 3.Nc3 Bb4 4.Qc2 O-O 5.a3 Bxc3+ 6.Qxc3 b6 7.Bg5 Bb7 8.f3 h6
9.Bh4 d5 10.e3 Nbd7 11.cxd5 exd5 12.Bd3 c5 13.Ne2 Re8 14.O-O cxd4 15.exd4 Nf8
16.Bf2 Ne6 17.Qd2 Nh5 18.Rae1 Qd6 19.Be3 a5 20.g4 Nf6 21.Bxh6 Ne4 22.fxe4 dxe4
23.Bc4 e3 24.Qd3 gxh6 25.Rxf7 Ng5 26.Rh7+ Re6 27.Qg6+ Kf8 28.Qg7+  1-0

[Event "Altensteig-B"]
[Site "Altensteig"]
[Date "1993.??.??"]
[Round "10"]
[White "Touzane, Olivier"]
[Black "Froehlich, Peter"]
[Result "1/2-1/2"]
[WhiteElo "2330"]
[BlackElo "2390"]

1.d4 Nf6 2.c4 e6 3.Nc3 Bb4 4.Qc2 O-O 5.a3 Bxc3+ 6.Qxc3 b6 7.Bg5 h6 8.Bh4 c5
9.dxc5 bxc5 10.e3 d6 11.f3 Nbd7 12.Nh3 Bb7 13.Be2 Qe7 14.Rd1 Rfd8 15.O-O Ne5
16.Rd2 Ng6 17.Bf2 e5 18.Rfd1 Bc8 19.b4 Bxh3 20.gxh3 cxb4 21.axb4 Rac8 22.Qa3 Rd7
23.b5 Rcd8 24.Bf1 Nh7 25.e4 Ng5 26.h4 Ne6 27.b6 axb6 28.Bxb6 Rc8 29.c5 Nxc5
30.Bh3 Ne6 31.Rxd6 Rxd6 32.Qxd6 Qxd6 33.Rxd6 Nxh4 34.Bxe6 fxe6 35.Kf2 Rc3
36.Be3 Kf7 37.Rd7+ Kf6 38.f4 Rc2+ 39.Rd2 Rxd2+ 40.Bxd2 exf4 41.Bxf4 g5 42.Bd2 h5
43.Bc3+ Kf7 44.Kg3 Ng6 45.Bd2 g4 46.h3 gxh3 47.Kxh3 Ke7 48.Bb4+ Kd7 49.Kg3 Kc6
50.Kf3 Kb5 51.Bd6 Kc4 52.Ke3 Kc3 53.Bc7 Kc4 54.Bd6 e5 55.Bc7 h4 56.Kf3 Kd4
57.Bb6+ Kd3 58.Bc7 Kc4 59.Bb8 Kc3 60.Bc7 Kd3 61.Bb8  1/2-1/2

[Event "Alushta"]
[Site "Alushta"]
[Date "1993.??.??"]
[Round "?"]
[White "Dragomarezkij, Evgeni"]
[Black "Timoshenko, Georgy"]
[Result "1/2-1/2"]
[WhiteElo "2465"]
[BlackElo "2515"]

1.d4 Nf6 2.c4 e6 3.Nc3 Bb4 4.Qc2 O-O 5.a3 Bxc3+ 6.Qxc3 b6 7.Bg5 Bb7 8.f3 d5
9.e3 Nbd7 10.cxd5 exd5 11.Bd3 h6 12.Bh4 c5 13.Bf5 Qc7 14.Nh3 Qc6 15.O-O g6
16.Bxd7 Nxd7 17.Rad1 Rfe8 18.Rfe1 Rac8 19.Nf2 cxd4 20.Qxd4 Qc4 21.e4 Qxd4
22.Rxd4 f5 23.Nd1 fxe4 24.fxe4 Rc4 25.Rxc4 dxc4 26.Nc3 Nc5 27.Nb5 Nd3 28.Nd6 Re6
29.Nxb7 Nxe1 30.Bxe1 Rxe4 31.Bc3 Re6 32.Kf2 a5 33.Bd2 g5 34.h4 Rf6+ 35.Kg3 gxh4+
36.Kxh4 Kf8 37.g4 Ke7 38.Kh5 Rf2 39.Bc3 Rh2+ 40.Kg6 Kd7 41.Be5 Re2 42.Kf5 Kc6
43.Nd8+ Kd5 44.Bg7 Rf2+ 45.Kg6 Rg2 46.Kh5 Rh2+ 47.Kg6 Rg2 48.Kh5 Rh2+ 49.Kg6 Rg2  1/2-1/2

[Event "Andorra op"]
[Site "Andorra"]
[Date "1993.??.??"]
[Round "4"]
[White "Flear, Glenn C"]
[Black "Spraggett, Kevin"]
[Result "1/2-1/2"]
[WhiteElo "2500"]
[BlackElo "2555"]

1.d4 Nf6 2.c4 e6 3.Nc3 Bb4 4.Qc2 O-O 5.a3 Bxc3+ 6.Qxc3 b6 7.Nf3 Bb7 8.g3 c5
9.dxc5 bxc5 10.Bg2 a5 11.b3 d6 12.O-O Nbd7 13.Bb2 Ra6 14.Rad1 Qa8  1/2-1/2

[Event "Andorra op"]
[Site "Andorra"]
[Date "1993.??.??"]
[Round "6"]
[White "Flear, Glenn C"]
[Black "Suba, Mihai"]
[Result "1-0"]
[WhiteElo "2500"]
[BlackElo "2500"]

1.d4 Nf6 2.c4 e6 3.Nc3 Bb4 4.Qc2 O-O 5.a3 Bxc3+ 6.Qxc3 b6 7.Bg5 c5 8.dxc5 bxc5
9.e3 a5 10.Bd3 Bb7 11.Ne2 d6 12.O-O Nbd7 13.Rad1 Ra6 14.f3 Ba8 15.Rd2 h6
16.Bh4 Qe7 17.Bb1 Rb8 18.Rfd1 Rab6 19.Bg3 Ne8 20.Qxa5 e5 21.Qc3 Rb3 22.Qc1 Qg5
23.f4 exf4 24.exf4 Qe7 25.Bc2 Re3 26.Nc3 Ndf6 27.Re1 Nh5 28.Rde2 Rxe2 29.Rxe2 Qf6
30.Qd2 Nc7 31.Be4 Ne6 32.Bxa8 Rxa8 33.Nd5 Qd4+ 34.Qxd4 Nxd4 35.Re7 Nf5 36.Rd7 Ra4
37.Bf2 Rxc4 38.g4 Rc1+ 39.Kg2 Rd1 40.Nc3  1-0

[Event "Ano Liosia op"]
[Site "Ano Liosia"]
[Date "1993.??.??"]
[Round "7"]
[White "Boshku, Harallamb"]
[Black "Skembris, Spyridon"]
[Result "1-0"]
[WhiteElo "2325"]
[BlackElo "2545"]

1.d4 Nf6 2.c4 e6 3.Nc3 Bb4 4.Qc2 O-O 5.a3 Bxc3+ 6.Qxc3 b6 7.Bg5 Bb7 8.f3 d6
9.e3 Nbd7 10.Nh3 c5 11.Be2 h6 12.Bh4 Re8 13.Bg3 Qe7 14.O-O Rac8 15.Rfe1 d5
16.cxd5 Nxd5 17.Qd2 cxd4 18.exd4 a6 19.Bd3 b5 20.Rad1 N5b6 21.Bb1 Nc4 22.Qd3 Nf8
23.Re2 Red8 24.Be1 Qf6 25.Nf2 Rd5 26.Ng4 Qg5 27.Ne3 Ne5 28.f4 Nf3+ 29.Kh1 Qxf4
30.gxf3 Qxf3+ 31.Kg1 Rg5+ 32.Bg3 Be4 33.Qxe4 Qxe2 34.Rf1 f5 35.Nxf5 Qxf1+
36.Kxf1 Rxf5+ 37.Kg2 Rd8 38.Qc6 Rg5 39.Qb6 Rd7 40.Be4 h5 41.Kf3 Rg4 42.Be5 Rf7+
43.Ke3 Rf1 44.Bf3 Rg5 45.Qxa6 Rf5 46.Be2 Re1 47.Kd2 Rg1 48.Qxb5 Rg2 49.Kc3 Rff2
50.Bd3 Rg1 51.a4 Rc1+ 52.Kb3 Rf3 53.a5  1-0

[Event "Ano Liosia op"]
[Site "Ano Liosia"]
[Date "1993.??.??"]
[Round "8"]
[White "Pavlovic, Milos"]
[Black "Inkiov, Ventzislav"]
[Result "1-0"]
[WhiteElo "2455"]
[BlackElo "2485"]

1.d4 Nf6 2.c4 e6 3.Nc3 Bb4 4.Qc2 O-O 5.a3 Bxc3+ 6.Qxc3 b6 7.Bg5 Bb7 8.f3 h6
9.Bh4 d5 10.e3 Nbd7 11.cxd5 exd5 12.Bd3 Re8 13.Ne2 c5 14.O-O Qe7 15.Bf2 Rac8
16.Qd2 Nf8 17.Rad1 Ne6 18.Rfe1 Nh5 19.Bf5 Rcd8 20.b4 c4 21.Bc2 Ng5 22.Nc3 Rd6
23.Kh1 Qd7 24.e4 dxe4 25.fxe4 Qg4 26.Qe2 Qxe2 27.Rxe2 Rg6 28.d5 Nf4 29.Re3 Rf6
30.Kg1 Ng6 31.Bg3 Ne5 32.Ba4 Ng4 33.Ree1 Ra8 34.h3 Nxh3+ 35.gxh3 Rf3 36.Kg2  1-0

[Event "AUT-chT"]
[Site "?"]
[Date "1993.??.??"]
[Round "?"]
[White "Chernin, Alexander"]
[Black "Schroll, Gerhard"]
[Result "1-0"]
[WhiteElo "2600"]
[BlackElo "2435"]

1.d4 Nf6 2.c4 e6 3.Nc3 Bb4 4.Qc2 O-O 5.Nf3 b6 6.e4 Bb7 7.Bd3 d5 8.cxd5 exd5
9.e5 Ne4 10.O-O Bxc3 11.bxc3 c5 12.dxc5 bxc5 13.Rb1 Qc8 14.c4 Nc6 15.cxd5 Nb4
16.Rxb4 cxb4 17.Qxc8 Rfxc8 18.Bxe4 Rc5 19.Rd1 Rd8 20.Bg5 Rd7 21.e6 fxe6 22.Ne5  1-0

[Event "Avoine Ronde op"]
[Site "Avoine"]
[Date "1993.??.??"]
[Round "?"]
[White "Gilbert, Christophe"]
[Black "Braeuning, Rudolf Wilhelm"]
[Result "1/2-1/2"]
[WhiteElo "2090"]
[BlackElo "2305"]

1.d4 Nf6 2.c4 e6 3.Nc3 Bb4 4.Qc2 O-O 5.a3 Bxc3+ 6.Qxc3 b6 7.f3 d5 8.Bg5 Ba6
9.e3 Nbd7 10.Bd3 c5 11.cxd5 cxd4 12.Qxd4 e5 13.Qc3 Rc8 14.Qd2 Bxd3 15.Bxf6 Nxf6
16.Qxd3 Qxd5 17.Rd1 Qxd3 18.Rxd3 e4 19.Rd2 Rc1+ 20.Rd1 Rxd1+ 21.Kxd1 Rd8+
22.Ke2 Rd3 23.Nh3 Rb3 24.Rb1 Kf8 25.Nf2 Nd5 26.Nd1 f5 27.Rc1 Ke7 28.fxe4 fxe4
29.Rc4 Rb5 30.Rxe4+ Kf6 31.Re8 Rc5 32.Rf8+ Ke7 33.Rf2 Nf6 34.Nc3 Rg5 35.h3 Ke6
36.Kd3 Rg3 37.Ne4 Nxe4 38.Kxe4 Rg5 39.g4 Re5+ 40.Kf4 Rd5 41.Rc2 Rd7 42.e4 Rf7+
43.Ke3 Kd6 44.Rf2 Rc7 45.Kd3 Ke5  1/2-1/2

[Event "Wch Seniors"]
[Site "Bad Wildbad"]
[Date "1993.??.??"]
[Round "11"]
[White "Vatnikov, Josif E"]
[Black "Krogius, Nikolai V"]
[Result "0-1"]
[WhiteElo "2425"]
[BlackElo "2465"]

1.d4 Nf6 2.c4 e6 3.Nc3 Bb4 4.Qc2 O-O 5.Bg5 b6 6.e4 h6 7.Bh4 Nc6 8.Ne2 e5
9.dxe5 Nxe5 10.a3 Be7 11.Nd4 Bb7 12.Nf5 Ng6 13.Bg3 Re8 14.f3 Bf8 15.O-O-O Nh5
16.Bf2 Bc5 17.Kb1 Bxf2 18.Qxf2 d6 19.Nd5 Nhf4 20.g3 Ne6 21.h4 Ne5 22.Be2 Nc5
23.Qd4 f6 24.Rhe1 Kh7 25.h5 Bc8 26.Nde3 Bxf5 27.Nxf5 Qd7 28.Qc3 a5 29.Rd2 Rab8
30.Bf1 Qf7 31.g4 Nc6 32.Be2 Kg8 33.Ne3 Kh8 34.Nd5 Rbc8 35.Bd1 Ne7 36.Ne3 Ra8
37.Bc2 Nc6 38.Nd5 a4 39.Rde2 Rac8 40.f4 Ne7 41.Nb4 Ra8 42.Re3 Nd7 43.Qd3 Nc5
44.Qe2 Ne6 45.Qf1 Nd4 46.Bd3 c5 47.Nc2 Nec6 48.e5 dxe5 49.Bg6 Qd7 50.Bxe8 Rxe8
51.fxe5 Nxe5 52.Re4 Nb3 53.Rd1 Nd2+ 54.Rxd2 Qxd2 55.Qe2 Rd8 56.Qxd2 Rxd2
57.Kc1 Rg2 58.Ne3 Re2 59.Kd1 Rxb2 60.Nd5 Rb3 61.Ke2 Kg8 62.Re3 Nxc4 63.Rxb3 axb3  0-1

[Event "Benidorm op"]
[Site "Benidorm"]
[Date "1993.??.??"]
[Round "7"]
[White "Campos, Luis Maria"]
[Black "Spraggett, Kevin"]
[Result "0-1"]
[WhiteElo "2340"]
[BlackElo "2565"]

1.d4 Nf6 2.c4 e6 3.Nc3 Bb4 4.Qc2 O-O 5.a3 Bxc3+ 6.Qxc3 b6 7.Bg5 c5 8.dxc5 bxc5
9.e3 Nc6 10.Nh3 Rb8 11.Bd3 h6 12.Bh4 e5 13.f3 d5 14.Nf2 d4 15.exd4 exd4 16.Qd2 Re8+
17.Kf1 Rb3 18.Qc2 Rb6 19.Re1 Ne5 20.Bg3 Nxd3 21.Rxe8+ Qxe8 22.Nxd3 Bf5 23.b4 Qe3  0-1

[Event "Benidorm op"]
[Site "Benidorm"]
[Date "1993.??.??"]
[Round "8"]
[White "Eslon, Jaan"]
[Black "Suba, Mihai"]
[Result "0-1"]
[WhiteElo "2430"]
[BlackElo "2520"]

1.d4 Nf6 2.c4 e6 3.Nc3 Bb4 4.Qc2 O-O 5.a3 Bxc3+ 6.Qxc3 b6 7.f3 c5 8.dxc5 bxc5
9.Bg5 a5 10.Bxf6 Qxf6 11.Qxf6 gxf6 12.e3 Ba6 13.O-O-O Rd8 14.f4 Nc6 15.Nf3 a4
16.Nd2 f5 17.h3 h5 18.Be2 Na5 19.Bxh5 Bxc4 20.Rhe1 d5 21.Be2 Bb3 22.Nxb3 Nxb3+
23.Kb1 c4 24.g4 fxg4 25.hxg4 Rab8 26.Ka2 Rdc8 27.g5 c3 28.bxc3 Rxc3 29.Bd3 Nc5
30.Bb1 Rbb3 31.e4 Rxa3+ 32.Kb2 dxe4 33.Bxe4 Rcb3+ 34.Kc1 Ra1+ 35.Kc2 Ra2+
36.Kc1 Rbb2  0-1

[Event "Berga op"]
[Site "Berga"]
[Date "1993.??.??"]
[Round "6"]
[White "Llanos, Guillermo"]
[Black "Suba, Mihai"]
[Result "0-1"]
[WhiteElo "2405"]
[BlackElo "2500"]

1.d4 Nf6 2.c4 e6 3.Nc3 Bb4 4.Qc2 O-O 5.a3 Bxc3+ 6.Qxc3 b6 7.Nf3 Bb7 8.e3 d6
9.b4 a5 10.Bb2 Nbd7 11.Be2 Ne4 12.Qd3 axb4 13.axb4 Rxa1+ 14.Bxa1 Ndf6 15.O-O Qa8
16.Bb2 Qa4 17.b5 Ra8 18.Ra1 Qxa1+ 19.Bxa1 Rxa1+ 20.Bf1 Ng4 21.Qe2 Ngxf2 22.Qb2 Ra8
23.h3 Nd1 24.Qc1 Nec3 25.Nd2 f5 26.Kh2 Ra2 27.d5 exd5 28.Nf3 Rf2 29.Qa1 Ra2
30.Qc1 h6 31.Nd4 Rf2 32.Bd3 dxc4 33.Bxc4+ Kh7 34.Nc6 Bxc6 35.bxc6 h5 36.Bb3 Rf1
37.Bxd1 Nxd1 38.Qd2 Nf2 39.Qe2 Rh1+ 40.Kg3 Ne4+  0-1

[Event "Berliner Sommer"]
[Site "Berlin"]
[Date "1993.??.??"]
[Round "?"]
[White "Ivanov, Sergey"]
[Black "Cosma, Ioan"]
[Result "1-0"]
[WhiteElo "2505"]
[BlackElo "2400"]

1.d4 Nf6 2.c4 e6 3.Nc3 Bb4 4.Qc2 O-O 5.a3 Bxc3+ 6.Qxc3 b6 7.Bg5 Bb7 8.f3 h6
9.Bh4 d5 10.e3 Nbd7 11.cxd5 Nxd5 12.Bxd8 Nxc3 13.Bh4 Nd5 14.Bf2 f5 15.Bd3 c5
16.Bb5 N5f6 17.Ne2 a6 18.Bd3 g6 19.O-O e5 20.dxe5 Nxe5 21.Bc2 Kg7 22.b4 cxb4
23.axb4 Rfc8 24.Bb3 Bd5 25.Bxd5 Nxd5 26.e4 Nxb4 27.exf5 b5 28.f4 Ned3 29.Bd4+ Kh7
30.fxg6+ Kxg6 31.Rad1 Rc2 32.Ng3 Re8 33.f5+ Kf7 34.f6 a5 35.Kh1 Rg8 36.Nf5 Rgxg2
37.Nxh6+ Ke6 38.Bg1 Ne5 39.f7 Nxf7 40.Nxf7 a4 41.h4 Rgd2 42.Ng5+ Kd5 43.h5  1-0

[Event "Berliner Sommer"]
[Site "Berlin"]
[Date "1993.??.??"]
[Round "?"]
[White "Ruzele, Darius"]
[Black "Kruszynski, Wlodzimierz"]
[Result "1-0"]
[WhiteElo "2500"]
[BlackElo "2390"]

1.d4 Nf6 2.c4 e6 3.Nc3 Bb4 4.Qc2 O-O 5.a3 Bxc3+ 6.Qxc3 b6 7.Bg5 Bb7 8.f3 c5
9.dxc5 bxc5 10.e3 Qe7 11.Nh3 d6 12.Rd1 Nbd7 13.Be2 Rfd8 14.O-O h6 15.Bh4 a5
16.Rd2 Ra6 17.b3 Rb8 18.Nf2 Qf8 19.Bd3 Ba8 20.Bc2 Ne8 21.f4 g6 22.e4 Qg7
23.Qxg7+ Kxg7 24.a4 e5 25.fxe5 Nxe5 26.Bg3 f6 27.Nd1 Rab6 28.Nc3 Ra6 29.Bxe5 fxe5
30.Nb5 Rb7 31.Rdf2 Re7 32.Rf8 Bc6 33.h4 Bd7 34.Nc3 Be6 35.Nd5 Bxd5 36.exd5 Raa7
37.Bd1 h5 38.g4 e4 39.gxh5 e3 40.hxg6 Kxg6 41.Be2 Re5 42.R1f3 Kg7 43.Kf1 Rb7
44.Bd3 Ree7 45.Bc2 Re5 46.Ke2 Rbe7 47.Rf1 Rh5 48.R8f4 Rhe5 49.Rg1+ Kh6 50.Rf8  1-0

[Event "Berliner Sommer"]
[Site "Berlin"]
[Date "1993.??.??"]
[Round "3"]
[White "Ruzele, Darius"]
[Black "Soffer, Ram"]
[Result "1/2-1/2"]
[WhiteElo "2500"]
[BlackElo "2450"]

1.d4 e6 2.c4 Nf6 3.Nc3 Bb4 4.Qc2 O-O 5.a3 Bxc3+ 6.Qxc3 d6 7.Bg5 Re8 8.Nf3 Qe7
9.Nd2 h6 10.Bh4 e5 11.e3 Bf5 12.Be2 Nc6 13.d5 Nd4 14.Bd1 g5 15.O-O gxh4 16.exd4 e4
17.Ba4 Bd7 18.Bc2 c6 19.dxc6 bxc6 20.Qe3 d5 21.Qxh6 Ng4 22.Qh5 Kg7 23.Nf3 exf3
24.Qh7+ Kf6 25.Qxh4+ Kg7 26.Qh7+ Kf6 27.Qh4+  1/2-1/2

[Event "Bern op"]
[Site "Bern"]
[Date "1993.??.??"]
[Round "4"]
[White "Brunner, Lucas"]
[Black "Lerner, Konstantin Z"]
[Result "0-1"]
[WhiteElo "2455"]
[BlackElo "2530"]

1.d4 Nf6 2.c4 e6 3.Nc3 Bb4 4.Qc2 O-O 5.a3 Bxc3+ 6.Qxc3 b6 7.Nf3 Bb7 8.g3 c5
9.dxc5 bxc5 10.Bg2 Ne4 11.Qc2 Qa5+ 12.Nd2 Nd6 13.Bxb7 Nxb7 14.O-O Nc6 15.Nf3 Qb6
16.Rd1 Rad8 17.Rb1 a5 18.Be3 Qc7 19.Rd3 h6 20.Rbd1 d6 21.Nd2 e5 22.Ne4 Nd4
23.Qd2 Qc6 24.Nc3 Qa6 25.Bxh6 f6 26.b3 Nxb3 27.Qb2 Qxc4 28.Nd5 a4 29.Rc3 Qb5
30.Qc2 Nd4 31.Qg6 Qd7 32.Rxd4 exd4 33.Rf3 f5 34.Bg5 Rde8 35.Rf4 Re6 36.Qh5 Qf7
37.Qh3 Rxe2 38.Nf6+ gxf6 39.Rxf5 Qg6 40.Qg4 Re7  0-1

[Event "Bonn GSK"]
[Site "Bonn"]
[Date "1993.??.??"]
[Round "?"]
[White "Sieglen, Joachim"]
[Black "Luther, Thomas"]
[Result "0-1"]
[WhiteElo "2365"]
[BlackElo "2465"]

1.d4 Nf6 2.c4 e6 3.Nc3 Bb4 4.Qc2 O-O 5.a3 Bxc3+ 6.Qxc3 b6 7.Nf3 Bb7 8.e3 d6
9.Bd3 Nbd7 10.O-O Ne4 11.Qc2 f5 12.Nd2 Qh4 13.f3 Ng5 14.Rf2 Rf6 15.Nf1 Rg6
16.Kh1 Rf8 17.Qe2 e5 18.Bd2 exd4 19.exd4 Qxd4 20.Bxg5 Rxg5 21.f4 Rg6 22.Rd1 Nc5
23.Bb1 Qf6 24.Ng3 Qf7 25.Nxf5 Re6 26.Qg4 Rf6 27.Ng3 Rxf4 28.Rxf4 Qxf4 29.Qh5 g6
30.Bxg6 hxg6 31.Qxg6+ Kh8 32.Qh5+ Kg7 33.Qe2 Kg8 34.Rf1 Qg5 35.Re1 Qg6 36.Kg1 Nd3
37.Rd1 Nf4 38.Qd2 Nxg2 39.Rf1 Rxf1+ 40.Kxf1 Nh4  0-1

[Event "Bonn GSK"]
[Site "Bonn"]
[Date "1993.??.??"]
[Round "?"]
[White "Sieglen, Joachim"]
[Black "Kveinys, Aloyzas"]
[Result "1-0"]
[WhiteElo "2365"]
[BlackElo "2555"]

1.d4 Nf6 2.c4 e6 3.Nc3 Bb4 4.Qc2 O-O 5.a3 Bxc3+ 6.Qxc3 b6 7.Nf3 h6 8.e3 Bb7
9.Bd3 d6 10.O-O Nbd7 11.b4 e5 12.dxe5 dxe5 13.Bf5 e4 14.Nd2 Re8 15.Bb2 Ne5
16.Rad1 Qe7 17.Qc2 a5 18.Nxe4 axb4 19.Nxf6+ Qxf6 20.f4 b3 21.Qe2 Qxf5 22.fxe5 Qe6
23.Rd4 Ra4 24.Rdf4 Ba6 25.Qh5 Rxc4 26.Rxf7 Rg4 27.R1f2 c5 28.h3 Rg5 29.Qf3 Bc4
30.Rf8+ Rxf8 31.Qxf8+ Kh7 32.Qf4 Qg6 33.Qxc4  1-0

[Event "Bucharest (Women)"]
[Site "Bucharest"]
[Date "1993.??.??"]
[Round "2"]
[White "Stanciu, Gabriela"]
[Black "Roizen, Nadejda"]
[Result "1/2-1/2"]
[WhiteElo "2260"]
[BlackElo "2210"]

1.d4 Nf6 2.c4 e6 3.Nc3 Bb4 4.Qc2 O-O 5.a3 Bxc3+ 6.Qxc3 b5 7.cxb5 c6 8.Bg5 cxb5
9.e3 Bb7 10.Nf3 a6 11.Be2 Nc6 12.O-O Ne4 13.Qxc6 Bxc6 14.Bxd8 Rfxd8 15.Bd3 f6
16.Rfc1 Nd6 17.Nd2 Rac8 18.e4 Bb7 19.b4 Rxc1+ 20.Rxc1 Rc8 21.Rc5 Ne8 22.f3 d6
23.Rxc8 Bxc8 24.Kf2 Nc7 25.Ke3 e5 26.Bc2 Kf8 27.f4 Ke7 28.Nf3 exf4+ 29.Kxf4 Na8
30.a4 bxa4 31.Bxa4 Nb6 32.Bb3 Nd7 33.Ke3 Nb8 34.Kd3 Bd7 35.Bc4 Bb5 36.Bxb5 axb5
37.d5 Na6 38.Kc3 g6 39.Nd4 Nc7 40.Nc6+ Kd7 41.Kd4 Na6 42.Ke3 Nc7 43.h4 f5
44.Kd4 fxe4 45.Kxe4 Ne8 46.Na7 Nc7 47.g4 Ke7 48.g5 Kd7 49.Nc6 Na6 50.Kf4 Nc7  1/2-1/2

[Event "Budapest FS02 GM"]
[Site "Budapest"]
[Date "1993.??.??"]
[Round "?"]
[White "Dao Thien Hai"]
[Black "Farago, Ivan"]
[Result "0-1"]
[WhiteElo "2560"]
[BlackElo "2510"]

1.d4 e6 2.c4 Nf6 3.Nc3 Bb4 4.Qc2 O-O 5.a3 Bxc3+ 6.Qxc3 b6 7.Bg5 Bb7 8.f3 h6
9.Bh4 d5 10.e3 Nbd7 11.Bd3 c5 12.cxd5 cxd4 13.exd4 Rc8 14.Qd2 Bxd5 15.Ne2 Bc4
16.Bxc4 Rxc4 17.b3 Rc8 18.O-O Qc7 19.Rfc1 Qd6 20.Qb4 Rxc1+ 21.Rxc1 Qxb4 22.axb4 Nd5
23.b5 Ra8 24.Ra1 Kf8 25.Bg3 Ke7 26.h4 g6 27.Bf4 h5 28.Bg5+ f6 29.Bd2 a5 30.bxa6 Nb8
31.g4 hxg4 32.fxg4 Rxa6 33.Rxa6 Nxa6 34.Kf2 Nb8 35.Ng1 Nc6 36.Nf3 b5 37.Ke2 f5
38.gxf5 exf5 39.Kd3 Kd6 40.Bh6 Nf6 41.Bf8+ Kd5 42.Ng1 Ke6 43.Ne2 Nd5 44.Bh6 Na5
45.Kc2 Nb7 46.Nc3 Nd6 47.Kd3 Nxc3 48.Kxc3 Kd5 49.Bf4 Ne4+ 50.Kb4 Nf2 51.Kxb5 Nd3
52.Bh2 f4 53.Kb6 f3 54.Bg3 Kxd4 55.Ka5 Ke3 56.Kb5 Nc1 57.Kc4 Nxb3 58.Kd5 Nd4
59.Ke5 Nf5 60.Be1 Ke2 61.Kf4 Ng7 62.Kg3 Nf5+ 63.Kf4 Nd4 64.Bg3 Kf1 65.h5 gxh5
66.Kg5 Ke2 67.Bh4 Kf1 68.Bg3 Ne2 69.Bh4 Kg2 70.Be1 Ng3 71.Kh4 f2 72.Bxf2 Kxf2  0-1

[Event "Budapest FS02 IM"]
[Site "Budapest"]
[Date "1993.??.??"]
[Round "?"]
[White "Panzer, Peter"]
[Black "Eperjesi, Laszlo"]
[Result "1-0"]
[WhiteElo "2330"]
[BlackElo "2355"]

1.d4 Nf6 2.c4 e6 3.Nc3 Bb4 4.Qc2 O-O 5.Nf3 b6 6.g3 Bb7 7.Bg2 c5 8.dxc5 Bxc5
9.O-O Nc6 10.Rd1 Qc8 11.Bg5 Ng4 12.Rf1 h6 13.Bf4 d5 14.cxd5 Nb4 15.Qa4 Nxd5
16.Nxd5 Bxd5 17.b4 Bc6 18.Qa3 Be7 19.Rac1 Qb7 20.Rxc6 Qxc6 21.Ne5 Qb5 22.Nxg4 Rac8
23.Qxa7 Bxb4 24.Rb1 Qxe2 25.Qa4 Bc5 26.Be3 Rfd8 27.Bf1 Qf3 28.Qf4 Qxf4 29.Bxf4 f6
30.Ba6 Ra8 31.Bc4 Kf7 32.Re1 Re8 33.Bc1 Ra4 34.Re4 Rb4 35.Bd2 Rb2 36.Be1 Rb1
37.Kf1 Re7 38.Ne3 g5 39.g4 h5 40.h3 hxg4 41.hxg4 b5 42.Bb3 Re8 43.Nc2 Rd1
44.Ke2 Rd6 45.Bc3 Red8 46.Ne3 Rc6 47.Ba5 Rd4 48.Rxd4 Bxd4 49.Bb4 Bc5 50.Bxc5 Rxc5
51.Nf5 Kf8 52.Nd4 Ke7 53.Kd3 e5 54.Nf5+ Kd7 55.Ke4 Rc1 56.Ne3 Re1 57.Kf5 Re2
58.Kxf6 Rxf2+ 59.Kxe5 Kc6 60.Nd5 Rf1 61.Nc3 b4 62.Ne4  1-0

[Event "Budapest FS04 IM"]
[Site "Budapest"]
[Date "1993.??.??"]
[Round "1"]
[White "Olsen, Peter Erik"]
[Black "Yip, Michael"]
[Result "1-0"]
[WhiteElo "2240"]
[BlackElo "2100"]

1.d4 Nf6 2.c4 e6 3.Nc3 Bb4 4.Qc2 O-O 5.a3 Bxc3+ 6.Qxc3 b6 7.Bg5 Bb7 8.f3 h6
9.Bh4 d5 10.e3 Nbd7 11.Nh3 c5 12.cxd5 exd5 13.Bf2 Re8 14.Bd3 cxd4 15.Qxd4 Nc5
16.Rd1 Nxd3+ 17.Qxd3 Rc8 18.O-O Qe7 19.Rfe1 Nd7 20.Nf4 Nf6 21.Ne2 Rc4 22.Nd4 Rec8
23.Bh4 Qe5 24.Qf5 Re8 25.Qxe5 Rxe5 26.Bxf6 gxf6 27.Rd2 Bc8 28.Kf2 Bd7 29.Ne2 Bc6
30.Nc3 Kf8 31.Red1 Ke7 32.g4 b5 33.f4 Re6 34.Nxd5+ Bxd5 35.Rxd5 Rc2+ 36.R1d2 Rxd2+
37.Rxd2 Rc6 38.h4 Rc1 39.h5 a6 40.Kf3 Rh1 41.Ke4 Rg1 42.Kf5 Re1 43.e4 Rc1
44.Re2 Rc5+ 45.e5 a5 46.b4 axb4 47.axb4 Rd5 48.Re4  1-0

[Event "Budapest FS12 IM-A"]
[Site "Budapest"]
[Date "1993.??.??"]
[Round "1"]
[White "Chachere, Lawrence"]
[Black "Kecskes, Gabor"]
[Result "1/2-1/2"]
[WhiteElo "2250"]
[BlackElo "2220"]

1.d4 Nf6 2.c4 e6 3.Nc3 Bb4 4.Qc2 O-O 5.a3 Bxc3+ 6.Qxc3 d6 7.Nf3 Nbd7 8.g3 b6
9.Bg2 Bb7 10.O-O c5 11.Rd1 Qc7 12.dxc5 bxc5 13.Bf4 e5 14.Bg5 h6 15.Bxf6 Nxf6
16.Nh4 Bxg2 17.Nxg2 Rfd8 18.Ne3 Rab8 19.f3 Qb6 20.Rd2 Qb3 21.Qxb3 Rxb3 22.Nf5  1/2-1/2

[Event "Spring op"]
[Site "Budapest"]
[Date "1993.??.??"]
[Round "2"]
[White "Dao Thien Hai"]
[Black "Kovacs, Janos"]
[Result "1/2-1/2"]
[WhiteElo "2560"]
[BlackElo "2300"]

1.d4 Nf6 2.c4 e6 3.Nc3 Bb4 4.Qc2 O-O 5.a3 Bxc3+ 6.Qxc3 b5 7.cxb5 c6 8.Bg5 cxb5
9.Nf3 Bb7 10.e3 a6 11.Bd3 Qc8 12.Qxc8 Rxc8 13.Nd2 h6 14.Bf4 Nd5 15.Bd6 Nb6
16.O-O Nc6 17.b3 Nd8 18.Bc5 Nd5 19.a4 Bc6 20.Rfc1 f5 21.Nf3 Nb7 22.Ne5 Nxc5
23.Rxc5 Nb4 24.Bf1 d6 25.Nxc6 Nxc6 26.Rc2 bxa4 27.Rxa4 a5 28.h3 Rab8 29.Rc3 Kf7
30.Ba6 Rc7 31.f3 Rb6 32.Be2 d5 33.g4 g6 34.gxf5 gxf5 35.Rxa5 Nxa5 36.Rxc7+ Kf6
37.f4 Rxb3 38.Kf2 Rb7 39.Rc8 Rg7 40.Bb5 Nb7 41.Rf8+ Ke7 42.Rh8 Nd6 43.Bd3 Nf7
44.Ra8 Nd6 45.h4 Kf6 46.Rh8 Nf7 47.Rf8 Ke7 48.Ra8 Nd6 49.Rh8 Nf7 50.Ra8  1/2-1/2

[Event "Budapest FS06 GM"]
[Site "Budapest"]
[Date "1993.??.??"]
[Round "2"]
[White "Dao Thien Hai"]
[Black "Magyar, Otto"]
[Result "1-0"]
[WhiteElo "2560"]
[BlackElo "2390"]

1.d4 Nf6 2.c4 e6 3.Nc3 Bb4 4.Qc2 O-O 5.a3 Bxc3+ 6.Qxc3 b6 7.Bg5 c5 8.dxc5 bxc5
9.Nf3 d6 10.e3 a5 11.Nd2 Bb7 12.Be2 Nbd7 13.f3 Ba6 14.O-O d5 15.Rfe1 Re8
16.Rac1 h6 17.Bh4 g5 18.Bf2 a4 19.Qc2 Nb6 20.e4 Rc8 21.Bf1 dxe4 22.Nxe4 Nxe4
23.Qxe4 f5 24.Qe5 Qc7 25.Qf6 Qe7 26.Qxh6 Kf7 27.h4 Rh8 28.Qxg5 Qb7 29.Rxe6 Kxe6
30.Qg6+ Kd7 31.Rd1+  1-0

[Event "Budapest FS05 IM"]
[Site "Budapest"]
[Date "1993.??.??"]
[Round "5"]
[White "Brglez, Rado"]
[Black "Eperjesi, Laszlo"]
[Result "1-0"]
[WhiteElo "2300"]
[BlackElo "2355"]

1.d4 Nf6 2.c4 e6 3.Nc3 Bb4 4.Qc2 O-O 5.Nf3 b6 6.e4 Ne8 7.Bd3 Bb7 8.Bd2 f6
9.a3 Be7 10.O-O-O a6 11.e5 f5 12.d5 b5 13.Rhg1 bxc4 14.Bxc4 exd5 15.Nxd5 Kh8
16.Nd4 Bc5 17.Nxf5 Nc6 18.Bc3 Qg5+ 19.Nde3 Rxf5 20.Qxf5 Bxe3+ 21.fxe3 Qxf5
22.Rgf1 Nd6 23.Rxf5 Nxf5 24.Rxd7 Nxe3 25.Bb3 Re8 26.Rf7 Nd8 27.Rxc7 Nd5 28.Rxb7 Nxc3
29.Rb8 Ne2+ 30.Kd2 Nd4 31.Bd5 Rf8 32.Kc3 g5 33.Kxd4 Ne6+ 34.Bxe6 Rxb8 35.b4 a5
36.bxa5 Ra8 37.Bd5 Rxa5 38.e6 Ra7 39.Ke5 Kg7 40.a4 h5 41.a5 Kf8 42.Kf6 g4
43.Bc6 h4 44.a6 h3 45.Bb7 hxg2 46.e7+ Ke8 47.Bc6+  1-0

[Event "Budapest FS10 IM-A"]
[Site "Budapest"]
[Date "1993.??.??"]
[Round "5"]
[White "Kecskes, Gabor"]
[Black "Kaunas, Kestutis"]
[Result "0-1"]
[WhiteElo "2220"]
[BlackElo "2350"]

1.d4 Nf6 2.c4 e6 3.Nc3 Bb4 4.Qc2 O-O 5.a3 Bxc3+ 6.Qxc3 b6 7.Bg5 Bb7 8.e3 d6
9.f3 Nbd7 10.Bd3 c5 11.Ne2 Qc7 12.b4 cxd4 13.exd4 e5 14.O-O Rfe8 15.Rac1 a5
16.Ng3 axb4 17.axb4 h6 18.Be3 e4 19.fxe4 Nxe4 20.Nxe4 Bxe4 21.Bxe4 Rxe4 22.Bxh6 Nf8
23.Be3 Rae8 24.Bf2 Ne6 25.Rfe1 Nf4 26.Rxe4 Rxe4 27.Qf3 Ne2+ 28.Kh1 Nxc1 29.Qxe4 Qxc4
30.Qe8+ Kh7 31.Qe4+ g6 32.Qh4+ Kg7 33.h3 Qxb4 34.Be3 Ne2 35.Kh2 Qb1 36.d5 Qa1
37.Qe4 Qe5+ 38.Qxe5+ dxe5 39.Bxb6 Kf8 40.g4 Ke7 41.Bc5+ Kd7 42.h4 Nc3 43.d6 Ne4
44.h5 gxh5 45.gxh5 Nf6 46.Kh3 Nxh5 47.Kg4 Ng7 48.Ba3 f6  0-1